000 00412nam a22001577a 4500
005 20251108164915.0
008 250721s1996 xx 000 0 ara d
082 1 4 _a648/فحا
100 1 _aالفحام، نجوى محايري
245 1 0 _aأفكار في خدمة ربة البيت /
264 _c1996.
300 _a95ص
650 1 7 _aالصحة المنزلية
942 _2ddc
_cBK
999 _c17188
_d17188